000 00933cam a2200265 a 4500
001 000016276
005 20200929164341.0
008 871013s1987 txu b 000 0 spa d
020 _z0311270239
035 _a87406116
040 _aDO-SdBNP
_bspa
_cBNPHU
_dDLC
082 _a266
_bB864d
100 1 _aBroda, N. Aldo.
_934400
245 1 3 _aEl desafío de la mayordomía y las misiones :
_benfoques del Nuevo Testamento /
_cN. Aldo Broda.
260 _aEl Paso :
_bComisión de Mayordomía Total ;
_bCasa Bautista de Publicaciones,
_cc1987.
300 _a139 p. ;
_c22 cm.
504 _aBibliografías: p. 139.
650 4 _aMisiones
_xIglesia católica
_xHistoria
_920306
650 4 _aMesías
_xEnseñanza biblica
_936286
650 4 _aVida cristiana
_xEnseñanza biblica
_98328
650 4 _aBible.
_xN.t.
_xComentarios
_936342
700 1 _aBroda, N. Aldo,
_etr.
_934400
910 _aCatalogación por copia / LC
049 _aBNGR
999 _c15812
_d15812